Der Schulraum als Paedagogikum : zur Revelanz des Lernorts fuer das Lernen

Αποθηκεύτηκε σε:
Λεπτομέρειες βιβλιογραφικής εγγραφής
Κύριος συγγραφέας: Noack, Marleen
Μορφή: Βιβλίο
Γλώσσα:German
Δημοσίευση: Weinheim : Deutscher Studien Verlag, 1996
Θέματα:
Ετικέτες: Προσθήκη ετικέτας
Δεν υπάρχουν, Καταχωρήστε ετικέτα πρώτοι!

MARC

LEADER 00000nam a2200000 i 4500
001 1/12360
008 000919s1996 ger d
020 |a 3892716196 
035 |l 10064177 
040 |a GR-MY-UA  |b gre  |e aacr 
041 0 |a ger 
082 0 |a 370.1 
100 1 |a Noack, Marleen. 
245 1 4 |a Der Schulraum als Paedagogikum :  |b zur Revelanz des Lernorts fuer das Lernen /  |c Marleen Noack 
260 |a Weinheim :   |b Deutscher Studien Verlag,   |c 1996 
300 |a 215 p.;  |c 21 cm 
650 0 0 |a Education  |x Philosophy. 
852 |a INST  |b RHODES  |e 20000919  |h 370.1 NOA  |p 005400013879  |q 005400013879  |t BK  |y 0 
901 |a BIBL4-2000-3 
909 |a Ρ  |b 069263 
922 |a 4ΕΛΗ  |b 199910  |c ΚΠΣ/154  |d LEADER BOOKS 
970 |z 2000/09/ΑΔΑΜ